000 00765nam a22002057a 4500
008 090305t xxu||||| |||| 00| 0 eng d
010 _aENG-93076
020 _c79.00
_a9788190747134
035 _aEN-76609
037 _bDBAD / PUB
040 _adpl
_bEnglish
082 _a657.42
100 _aMaheswaran, M.
245 _aCost & management accounting (theory):
_cby
_bfor B. Com., B.B.A. students /
260 _aSalem
_bM.S.K. Publications
_c2007
270 _a21/1, Anaimedu,
_bSalem
_e636001
300 _a116p.
_c22cm (pbk)
942 _2ddc
_cEN
_mMAH
_h657.42
999 _c24870
_d24870